00622cam a2200205 4500008004100000020002200041245008100063260003900144300003400183504004100217650002300258650002400281700002700305700002000332700001800352700001900370003000100389005001700390040000900407  a0582445469 (pbk.)00aManual of tropical housing and buildingc[by] O. H. Koenigsberger [et...al]. aLondon:bLongman,c[1974- c1973] axvi, 320 p. :bill. ;c25 cm. aIncludes bibliographical references. 0aBuildingzTropics. 0aDwellingszTropics.1 aKoenigsberger, Otto H. aIngersoll, T.G. aMayhew, Alan. aSzokolay, S.V.20240208122214.0 cNUST